LEADER 01064nam0 22003253i 450 001 996459254003316 005 20220721122312.0 010 $a978-88-921-3903-9 100 $a20210720d2021----||||0itac50 ba 101 $aita 102 $aIT 200 1 $aMetodologia della ricerca e servizio sociale$fa cura di Roberto Albano, Cesare Bianciardi e Marilena Dellavalle 205 $a2. edizione 210 1 $aTorino$cGiappichelli$d2021 215 $aXVI, 249 p.$cill.$d24 cm 225 2 $aManuali per il servizio sociale$v2 300 $aEstensione online: lamiaLibreria 410 0$aManuali per il servizio sociale$v2 606 0 $aAssistenza sociale$xRicerca$xMetodi 361.3072$2BNCF 676 $a361.3072 702 1$aBIANCIARDI,$bCesare 702 1$aDELLAVALLE,$bMarilena 702 1$aALBANO,$bRoberto$f<1962- > 801 0$aIT$bcba$bcba$gREICAT 912 $a996459254003316 951 $aII.5. 8835$b93670 G.$cII.5.$d542207 959 $aBK 969 $aUMA 996 $aMetodologia della ricerca e servizio sociale$92780148 997 $aUNISA LEADER 00832nam0-2200289 --450 001 9910887392803321 005 20240925140430.0 100 $a20240925d1958----kmuy0itay5050 ba 101 0 $aeng 102 $aUS 105 $aa 001yy 200 1 $aCotton$fHarry Bates Brown$gJacob Osborn Ware 205 $a3. ed 210 $aNew York$aToronto$aLondon$cMcGraw-Hill Book Company$d1958 215 $aX, 566 p.$cill.$d23 cm. 225 1 $aMcGraw-Hill publications in the agricultural sciences 610 0 $aCotone 676 $a677.21$v23$zita 700 1$aBrown,$bHarry Bates$072973 701 1$aOsborn Ware,$bJacob$01771114 801 0$aIT$bUNINA$gREICAT$2UNIMARC 901 $aBK 912 $a9910887392803321 952 $aA AGR 904$b13032/2024$fFAGBC 959 $aFAGBC 996 $aCotton$94256517 997 $aUNINA